Curso de derecho procesal civil / (Registro nro. 8479)

Detalles MARC
000 -LEADER
fixed length control field 01209nam a2200289 4500
001 - CONTROL NUMBER
control field 0000019152
003 - CONTROL NUMBER IDENTIFIER
control field CO-CtgCURN
005 - DATE AND TIME OF LATEST TRANSACTION
control field 20250430194554.0
007 - PHYSICAL DESCRIPTION FIXED FIELD--GENERAL INFORMATION
fixed length control field ta
008 - FIXED-LENGTH DATA ELEMENTS--GENERAL INFORMATION
fixed length control field 160627s2002 000 0 eng d
020 ## - INTERNATIONAL STANDARD BOOK NUMBER
International Standard Book Number 9706135405
040 ## - CATALOGING SOURCE
Original cataloging agency CO-CtgCURN
Language of cataloging spa
Transcribing agency coctgcurn
082 0# - DEWEY DECIMAL CLASSIFICATION NUMBER
Classification number 347.9
Item number Ch46c
100 1# - MAIN ENTRY--PERSONAL NAME
Personal name Chiovenda, Giuseppe.
245 10 - TITLE STATEMENT
Title Curso de derecho procesal civil /
Statement of responsibility, etc. Giuseppe Chiovenda.
260 ## - PUBLICATION, DISTRIBUTION, ETC.
Place of publication, distribution, etc. Mexico :
Name of publisher, distributor, etc. Oxford,
Date of publication, distribution, etc. 2002.
300 ## - PHYSICAL DESCRIPTION
Extent v.6.
336 ## - CONTENT TYPE
Source rdacontent
337 ## - MEDIA TYPE
Source rdamedia
Media type term sin mediacion
Media type code n
338 ## - CARRIER TYPE
Source rdacarrier
Carrier type term volumen
Carrier type code nc
490 1# - SERIES STATEMENT
Series statement Clasicos del derecho
505 8# - FORMATTED CONTENTS NOTE
Formatted contents note Conceptos basicos.--Acción de la ley en el proceso civil.--Relaciones procesales presupuestos relativos a los organos del Estado.--Presupuestos relativos a otros sujetos del proceso.--Presupuestos procesales no relativo al sujeto excepciones procesales.--Relacion procesal ordinaria y su constitucion.--Contenido juridico de la relacion.--Desarrollo de la relacion procesal
650 14 - SUBJECT ADDED ENTRY--TOPICAL TERM
Topical term or geographic name entry element Procedimiento civil
Form subdivision Enseñanza superior.
908 ## - PUT COMMAND PARAMETER (RLIN)
Put command parameter 160627
942 ## - ADDED ENTRY ELEMENTS (KOHA)
Koha item type Libros
Classification part 347.9
Item part Ch46c
Source of classification or shelving scheme Dewey Decimal Classification
Suppress in OPAC No
Existencias
Withdrawn status Lost status Source of classification or shelving scheme Damaged status Not for loan Collection Home library Current library Shelving location Date acquired Inventory number Total checkouts Full call number Barcode Date last seen Copy number Price effective from Koha item type Public note
    Dewey Decimal Classification     General Miguel Henríquez Castañeda Miguel Henríquez Castañeda General 03/29/2025 000359   347.9 Ch46c 000359 03/29/2025 ej.1 03/29/2025 Libros 340-DEREC